Central Library OPAC University of Rajshahi

The origins of the Second World War in Asia and the Pacific / (Record no. 23980)

MARC details
000 -LEADER
fixed length control field 01059nam a2200313 a 4500
001 - CONTROL NUMBER
control field 23980
003 - CONTROL NUMBER IDENTIFIER
rucl marc code BD-RjUL
005 - DATE AND TIME OF LATEST TRANSACTION
control field 20211209001008.0
008 - FIXED-LENGTH DATA ELEMENTS--GENERAL INFORMATION
fixed length control field 860204s1987 enkb b 001 0 eng d
020 ## - INTERNATIONAL STANDARD BOOK NUMBER
International Standard Book Number 0582493498 (pbk.)
035 ## - SYSTEM CONTROL NUMBER
System control number (BD-RjUL)24045
040 ## - CATALOGING SOURCE
Original cataloging agency DLC
Transcribing agency DLC
Modifying agency DLC
-- BD-RjUL
Language of cataloging eng
041 ## - LANGUAGE CODE
Language code of text/sound track or separate title eng
082 00 - DEWEY DECIMAL CLASSIFICATION NUMBER
Classification number 940.53112
Edition number 19
Author mark and year IRO 1999
100 1# - MAIN ENTRY--PERSONAL NAME
Personal name Iriye, Akira.
9 (RLIN) 73839
245 14 - TITLE STATEMENT
Title The origins of the Second World War in Asia and the Pacific /
Statement of responsibility, etc. Akira Iriye.
260 ## - PUBLICATION, DISTRIBUTION, ETC. (IMPRINT)
Place of publication, distribution, etc. London ;
-- New York :
Name of publisher, distributor, etc. Longman,
Date of publication, distribution, etc. 1987 [impression 1999].
300 ## - PHYSICAL DESCRIPTION
Pagination xi, 202 p. :
Illustrations maps ;
Size 22 cm.
504 ## - BIBLIOGRAPHY, ETC. NOTE
Bibliography, etc Bibliography: p. 187-190. and index.
650 #0 - SUBJECT ADDED ENTRY--TOPICAL TERM
Topical term or geographic name as entry element World War, 1939-1945
General subdivision Causes.
9 (RLIN) 538
Topical term or geographic name as entry element World War, 1939-1945
General subdivision Diplomatic history.
9 (RLIN) 73842
Topical term or geographic name as entry element World War, 1939-1945
Geographic subdivision Pacific Area.
9 (RLIN) 73843
Topical term or geographic name as entry element World War, 1939-1945
Geographic subdivision Asia.
9 (RLIN) 73844
651 #0 - SUBJECT ADDED ENTRY--GEOGRAPHIC NAME
Geographic name Japan
General subdivision Foreign relations
Chronological subdivision 1912-1945.
9 (RLIN) 73845
942 ## - ADDED ENTRY ELEMENTS (KOHA)
Source of classification or shelving scheme Dewey Decimal Classification
Koha item type Books
Holdings
Lost status Source of classification or shelving scheme Damaged status Not for loan Collection code Permanent Location Current Location Shelving location Date acquired Source of acquisition Total Checkouts Full call number Date last seen Copy number Koha item type
  Dewey Decimal Classification   Added to bundle Non-fiction Central Library, University of Rajshahi Central Library, University of Rajshahi Reading Room 12/02/2002 Japan Foundation, Gift.   940.53112 IRO 1999 12/03/2014 C-1 Books